01256 2200589 4500001002100000008004100021035002000062082000800082084001400090100001900104245005000123250000600173260003000179300001200209650001300221990001200234990001200246990001200258990001200270990001200282990001200294990001200306990001200318990001200330990001200342990001200354990001200366990001200378990001200390990001200402990001200414990001200426990001200438990001200450990001200462990001200474990001200486990001200498990001200510990001200522990001200534990001200546990001200558990001200570990001200582990001200594990001200606990001200618990001200630990001200642990001200654INLIS000000000000767 ind  a0010-0524000002 a420 a420 TIM b aProgresif, Tim aX-Press UN Bahasa Inggris 2020cTim Progresif a1 aJakarta :bErlanggac2019 a128 hlm aNonFiksi a0740080 a0740081 a0740082 a0740083 a0740084 a0740085 a0740086 a0740087 a0740088 a0740089 a0740090 a0740091 a0740092 a0740093 a0740094 a0740095 a0740096 a0740097 a0740098 a0740099 a0740100 a0740101 a0740102 a0740103 a0740104 a0740105 a0740106 a0740107 a0740108 a0740109 a0740110 a0740111 a0740112 a0740113 a0740114 a0740115